00660nam a2200193Ia 4500008004100000082001300041100001500054245003400069250000800103260002900111300001500140500002400155650001200179700001100191942000700202952011400209952012600323999001700449230524s9999 xx 000 0 und d a530bGOM aK.L.Gumber 0aFundamentals Physics Class-XI a9TH aJALANDHARbPradeepc2005 a10;106+XVI aQuantity Number: 2 aPhysics a Gogia cBK 00104070aTATCLbTATCLcGENd2023-05-24l1o530 GOMp6088r2025-02-15s2024-01-25w2023-05-24yBKzCPES5203 00104070aTATCLbTATCLcGENd2023-05-24l1o530 GOMp6089q2024-06-08r2024-01-25s2024-01-25w2023-05-24yBKzCPES5203 c13990d13990